La imagen de la ciudad (Registro nro. 21818)

Detalles MARC
000 -Cabecera
Campo de control interno 00816nam a2200265Ia 4500
005 - Fecha y hora del registro
control field 20260320113315.0
008 - Elementos de Longitud Fija
fixed length control field 260320s9999||||xx |||||||||||||| ||und||
020 ## - ISBN
ISBN 9788425228278
041 ## - Idioma
Codigo Idioma ESP
082 ## - DEWEY y NOTACIÓN INTERNA
Dewey 711
Notación Interna L595
100 ## - AUTOR
Autor denominación Lynch, Kevin,
Término de relación autor
245 #0 - TÍTULO DE MATERIAL BIBLIOGRÁFICO
Título La imagen de la ciudad
Título paralelo
246 ## - TÍTULO TRADUCIDO
Título The image of the city
Título paralelo
Autor
250 ## - EDICIÓN
Edición Tercera edición, tercera tirada
260 ## - CIUDAD, EDITORIAL, AÑO
Ciudad Barcelona :
Nombre de la Editorial GG,
Año 2024
300 ## - DESCRIPCIÓN
N° Páginas 203 páginas :
Otros detalles ilustraciones, fotografías, planos ;
Dimensiones 24 cm.
Material Adicional
440 ## - MENCIÓN DE SERIE
Título de la Serie
Número de Serie
Volumen de Serie
650 ## - TEMAS
Temas Las Artes
653 ## - DESCRIPTORES
Lenguajes no controlado Urbanismo; Ciudades
654 ## - PROGRAMAS
Programa Dpto. Arquitectura y Urbanismo
700 ## - OTROS AUTORES
Otros autores
Títulos y otras palabras asociadas con el nombre
856 ## - URL - UBICACIÓN
URI/URL: Enlace exacto del recurso <a href="https://aplust-net.ucsp.lookproxy.com/area-privada/biblioteca-digital/">https://aplust-net.ucsp.lookproxy.com/area-privada/biblioteca-digital/</a>
Nota pública: Versión digital <a href="Véase además: Base de datos A+T Architecture Publishers">Véase además: Base de datos A+T Architecture Publishers</a>
942 ## - ELEMENTOS DE KOHA
Tipo de documento Libro
Nombre del creador Justo Noguera
Código de catalogador Margarita Torres
Esquema de clasificación Dewey Decimal Classification
Suppress in OPAC
Existencias
Codigo completo Registro Colección Copia número Disponibilidad Tipo de préstamo Biblioteca Actual Procedencia (Biblioteca) Ubicacón Fecha Ingreso Tipo de Adquisición Observación Date last seen Total checkouts Price effective from Tipo de Item Estado del Material Fuente de Clasificación Damaged status Withdrawn status
711 L595 1085517 Universidad Católica San Pablo 1 Disponible Disponible Víctor Andrés Belaunde Víctor Andrés Belaunde Segundo piso 10/03/2026 Compra Arquiectura 20/03/2026   20/03/2026 Libro Bueno Dewey Decimal Classification